00757nam a22002415a 450000500170000000800410001701000140005802000260007202000230009803500130012103500170013403700150015103700220016604000180018808200080020610000180021424500720023226000460030427000640035030000270041450400610044165000130050220090606160818.0090326s2009 ii b 000 0 eng  aENG-93939 a9780195694949c895.00 a0195694945c895.00 aEN-77472 aB-360891-897 bDBAD / PUB bUppal Book Store  adplbEnglish  a260 aGrewal, J.S.  aThe Sikhs:bideology, institutions, and identity /cby J.S. Grewal  aNew Delhi bOxford University Pressc2009 aYMCA Library Building, Jai Singh Road, bNew Delhi e110001 axix, 419p. c23cm(Hb)  aIncludes glossary, bibliographical references and index  aSikhism